000 01473nam a2200493 a 4500
003 AR-BaBNM
005 20251128204554.0
008 082120s2002 ||||||||||||||000 | spa||
020 _a84-87330-23-1
040 _cAR-BaBNM
100 1 _aDíaz Lucena, Jordi
245 0 0 _aEl currículum de la educación física en la reforma educativa
250 _a1ª ed.
260 _aBarcelona
_bINDE publicaciones
_c1994
300 _a242 p.
_bcuadros, gráfs., fot.
490 0 _aLa educación física en ... reforma
500 _aPrólogo de Domingo Blázquez Sánchez
504 _aBibliografía: p. 239-242
650 4 _aEDUCACION FISICA
650 4 _aACTIVIDADES DEPORTIVAS
650 4 _aREFORMA DE LA EDUCACION
650 4 _aACTIVIDADES DE TIEMPO LIBRE
650 4 _aDEPORTE
650 4 _aCURRICULO
650 4 _aPLANIFICACION DEL CURRICULO
650 4 _aPLAN DE ESTUDIOS
650 4 _aINVESTIGACION SOBRE EL CURRICULO
650 4 _aCURRICULO DE ENSEÑANZA PRIMARIA
650 4 _aCURRICULO DE ENSEÑANZA SECUNDARIA
650 4 _aJUEGO
650 4 _aEVALUACION
650 4 _aOBJETIVOS EDUCACIONALES
650 4 _aFUTURO DE LA EDUCACION
650 4 _aPROCESO DE APRENDIZAJE
650 4 _aSALUD
651 4 _aEspaña
653 _aEXPRESION CORPORAL
653 _aINNOVACIONES EDUCATIVAS
653 _aINVESTIGACION EDUCATIVA
653 _aEDUCACION SECUNDARIA
653 _aEDUCACION PRIMARIA
942 _cBK
998 _cEthel
999 _c7968
_d7968